Online Catalogue and eLibrary

Fundamentalisms observed (Record no. 889)

MARC details
000 -LEADER
fixed length control field 00473nam a2200181Ia 4500
005 - DATE AND TIME OF LATEST TRANSACTION
control field 20240724061425.0
008 - FIXED-LENGTH DATA ELEMENTS--GENERAL INFORMATION
fixed length control field 240331s9999 xx 000 0 und d
020 ## - INTERNATIONAL STANDARD BOOK NUMBER
ISBN 0226508773
082 ## - DDC Classification
Class No. 291.09
Item Number - Author Mark FUN
245 #0 - TITLE STATEMENT
Title Fundamentalisms observed
260 ## - PUBLICATION, DISTRIBUTION, ETC.
Place of publication, distribution, etc. Chicago
Name of publisher, distributor, etc. The university of Chicago press
Date of publication, distribution, etc. 1991
300 ## - PHYSICAL DESCRIPTION
Extent (e.g. Volumes, Pages etc.) xv, 872 p .,
650 ## - SUBJECT ADDED ENTRY--TOPICAL TERM
Topical term or geographic name entry element Fundamentalism
650 ## - SUBJECT ADDED ENTRY--TOPICAL TERM
Topical term or geographic name entry element Religious
700 ## - ADDED ENTRY--PERSONAL NAME
Personal name Marty, Martin E
Relator term (Role) Editor
700 ## - ADDED ENTRY--PERSONAL NAME
Personal name Appleby, Scott R
Relator term (Role) Editor
942 ## - Koha item type (Biblio)
Koha item type Books in Stacks (Lending)
Holdings
Lost status Damaged status Collection code Home library Current library Shelving location Date acquired Full call number Accession Number Item type
    Lending WERC Library WERC Library Social Science Cupboard 03/31/2024 291.09 1798 Books in Stacks (Lending)

© WERC Library